| 000 | 00541nam a22001937a 4500 | ||
|---|---|---|---|
| 003 | LK-CoDNM | ||
| 005 | 20250123131107.0 | ||
| 008 | 250123b |||||||| |||| 00| 0 eng d | ||
| 040 |
_aLK-CoDNM _dLK-CoDNM _eLK-CoDNM |
||
| 041 | _aeng | ||
| 080 |
_a13 _bB23 |
||
| 100 | _aM.D., Ph. D., Sc. D. Loeb, Jacques | ||
| 245 | _aForced Movements, Tropisms and Animal Conduct | ||
| 260 |
_a Philadelphia and London _bJ.B Lippincott Company _c1918 |
||
| 300 | _a209p. : ill ; 20 cm | ||
| 650 | _aAnimals | ||
| 650 | _aPlants | ||
| 942 | _cBK | ||
| 999 |
_c237320 _d237320 |
||